| 000 | 00589nam a2200217Ia 4500 | ||
|---|---|---|---|
| 005 | 20260601193238.0 | ||
| 008 | 260601s9999||||xx |||||||||||||| ||und|| | ||
| 020 |
_a978-981-97-0213-8 _qebk |
||
| 100 | _aXiao Ma | ||
| 245 | 0 | _a5G Edge Computing | |
| 250 | _a2024 | ||
| 260 |
_aHeidelberg, Germany _bSpringer Nature _c2024 |
||
| 650 | _aComputer Science | ||
| 700 | _aAo Zhou | ||
| 700 | _aMengwei Xu | ||
| 700 | _aQing Li | ||
| 700 | _aShangguang Wang | ||
| 700 | _aYuanzhe Li | ||
| 856 | _uhttps://link.springer.com/openurl?genre=book&isbn=978-981-97-0213-8 | ||
| 942 |
_cEB _2ddc |
||
| 999 |
_c56301 _d56301 |
||